000 00292nam a22001337a 4500
008 170303b xxu||||| |||| 00| 0 eng d
020 _a9780077397500
041 _aeng
080 _29 ED
_a575
100 _a6
101 _aSHM
245 _aFOUNDATION GENETICS
_cJOHNSON.R
942 _2udc
_cBK
999 _c6743
_d6743